| 000 | 01426cam a22004217a 4500 | ||
|---|---|---|---|
| 001 | 000080611 | ||
| 003 | CHAP | ||
| 005 | 20220329142037.0 | ||
| 008 | 990416 1996 mx o r 01010bspa d | ||
| 010 | _a77509 | ||
| 011 | _a78481 | ||
| 035 | _a88454 | ||
| 040 | _cCHAP | ||
| 090 | _aFolleto 15206 | ||
| 100 | 0 | 0 |
_aGonzález Pérez, Alvaro. _949286 |
| 245 | 1 | 0 |
_aHomenaje a Marte R. Gómez 1896-1973 / _cpor Alvaro González Pérez. |
| 260 |
_aChapingo, Méx. : _bUACH, _c1996. |
||
| 300 |
_a41 p. : _bFotografías. |
||
| 500 | _ac.5 en bodega | ||
| 590 |
_aBATCH-UPD _b10 _c20130110 _lUCH01 _h0402 |
||
| 590 |
_aBATCH-UPD _b10 _c20130110 _lUCH01 _h2310 |
||
| 590 |
_aBATCH-UPD _b10 _c20130410 _lUCH01 _h0035 |
||
| 590 |
_aBATCH-UPD _b10 _c20130410 _lUCH01 _h1601 |
||
| 590 |
_aBATCH-UPD _b10 _c20130914 _lUCH01 _h0228 |
||
| 590 |
_aBATCH-UPD _b10 _c20130914 _lUCH01 _h2109 |
||
| 590 |
_aCONVERSION _b10 _c20130109 _lUCH01 _h1343 |
||
| 590 |
_aE5995AHE _b05 _c20150213 _lUCH01 _h0935 |
||
| 650 | 1 | 4 |
_aAgrónomos mexicanos. _92208 |
| 650 | 1 | 4 |
_aGomez, Marte R. _xBiografía. _948618 |
| 901 | _aBK | ||
| 905 | _aMayto Villalobos S. | ||
| 942 | _cFOLL | ||
| 942 | _n0 | ||
| 949 |
_aFolleto 15206 _bBC _cFOLL _d884541 _eTS1 _i88454 _sb |
||
| 949 |
_aFolleto 15206 _bBC _cFOLL _d884542 _eTS2 _fc.2 _i88454 _sb |
||
| 949 |
_aFolleto 15206 _bBC _cFOLL _d884543 _eTS2 _fc.3 _i88454 _sb |
||
| 949 |
_aFolleto 15206 _bBC _cUACH _d884544 _eUACH _fc.4 _i88454 _sb |
||
| 999 |
_c77509 _d77509 |
||